000 00730 a2200193 4500
999 _c8430
_d8430
010 _aENG-88456
020 _a8189652230
_c600.00
035 _aEN-71989
037 _bDBAD / PUB
082 1 4 _a343.540999
100 _aChansoria, Divya
245 1 _aInformation technology act, 2000:
_cby Divya Chansoria [and] Rajeshwar Ashok Srivastava
_ba conceptual paradigm shift in law/
260 _aDelhi
_bVista International Publishing House
_c2006
270 _aV-196, Near Shiv Sadhna Mandir, C-11, Yamuna Vihar,
_cDelhi
_e110 053
300 _aviii, 256p.
_c22cm (Hb)
500 _aIncludes bibliographical references and index
700 _aSrivastava, Rajeshwar Ashok
942 _adpl
_cEN
_2ddc
_h343.540999
_mCHA